Harry Potter Characters Quiz Stats

 Plays Quiz not verified by Sporcle

Score 0/200 Timer 15:00
0 Plays Today
mentionings Character % Correct
18956harry potter
100%
James Potter
97%
821George Weasley
95.5%
6464ron weasley
95.5%
920Fred Weasley
95.5%
771Ginny Weasley
95.5%
722Molly Weasley
95.5%
Percy Weasley
95.5%
Bill weasley
95.5%
Charlie Weasley
95.5%
Albus Potter
95.5%
James Sirius Potter
95.5%
780Arthur Weasley
94%
5486hermione granger
91%
2421albus dumbledore
86.6%
1471sirius black
85.1%
Aberforth Dumbledore
83.6%
Kendra Dumbledore
83.6%
2024rubeus hagrid
82.1%
Ariana Dumbledore
82.1%
1198Draco Malfoy
80.6%
Regulus Black
80.6%
Mrs. Black
80.6%
1956severus snape
79.1%
864Remus Lupin
79.1%
Lucius Malfoy
79.1%
Narcissa Malfoy
79.1%
1797Voldemort
76.1%
810Neville Longbottom
76.1%
770Minerva Mcgonagall
74.6%
Nymphadora tonks
71.6%
Ted tonks
71.6%
Augusta Longbottom
71.6%
Luna Lovegood
68.7%
Cedric Diggory
68.7%
Bellatrix Lestrange
68.7%
Xenophilius Lovegood
68.7%
Dobby
67.2%
Amos Diggory
67.2%
Viktor krum
64.2%
Fleur Delacour
62.7%
Cho Chang
62.7%
Hedwig
62.7%
filius flitwick
62.7%
Gabrielle Delacour
62.7%
657Dolores Umbridge
61.2%
Alastor Moody
61.2%
Vernon Dursley
61.2%
Dudley Dursley
61.2%
Petunia Dursley
61.2%
Vincent Crabbe
61.2%
Lavender Brown
61.2%
Professor Quirrell
61.2%
Katie Bell
61.2%
Godric Gryffindor
61.2%
Gregory Goyle
59.7%
oliver wood
59.7%
Pavarti Patil
59.7%
Professor sprout
59.7%
Marge dursley
59.7%
Padma Patil
59.7%
Cornelius Fudge
58.2%
Barty Crouch
58.2%
Gilderoy Lockhart
58.2%
Salazar Slytherin
58.2%
Rowena Ravenclaw
58.2%
Dean Thomas
56.7%
mentionings Character % Correct
Winky
56.7%
Crookshanks
56.7%
Angelina Johnson
56.7%
Nearly headless Nick
56.7%
Helga Hufflepuff
56.7%
Horace Slughorn
55.2%
Kreacher
55.2%
Argus Filch
53.7%
Sybill Trelawney
53.7%
Poppy Pomfrey
53.7%
Colin Creevey
53.7%
Dennis Creevey
53.7%
Fang
52.2%
Ludo bagman
50.7%
Rufus Scrimgeour
50.7%
Buckbeak
50.7%
Seamus Finnigan
49.3%
Peeves
49.3%
Rita Skeeter
47.8%
Karkaroff
47.8%
Kingsley Shacklebolt
47.8%
Firenze
47.8%
Marvolo Gaunt
47.8%
Madame Hooch
47.8%
Aragog
47.8%
Professor Binns
47.8%
Merope Gaunt
47.8%
Moaning Myrtle
46.3%
Pansy parkinson
46.3%
Pigwidgeon
46.3%
Fluffy
46.3%
Tom
46.3%
Amycus Carrow
46.3%
Alecto Carrow
46.3%
Olympe Maxime
44.8%
Errol
44.8%
Bathilda Bagshot
43.3%
Mrs. Norris
43.3%
Bane
43.3%
Nagini
43.3%
Bane
43.3%
Wormtail
41.8%
Ollivander
41.8%
Grawp
41.8%
Zacharias Smith
41.8%
hepzibah Smith
41.8%
Arabella Figg
40.3%
Norbert
40.3%
Amelia Bones
40.3%
griphook
38.8%
Lee Jordan
38.8%
Ernie Macmillan
38.8%
Yaxley
38.8%
Mundungus fletcher
37.3%
Madam Pince
37.3%
Mundungus Fletcher
37.3%
Madame Rosmerta
35.8%
Blaise Zabini
35.8%
Hannah Abbott
35.8%
ronan
35.8%
Hokey
35.8%
Stan Shunpike
34.3%
mary Cattermole
34.3%
Reg Cattermole
34.3%
Pius Thicknesse
34.3%
trevor
34.3%
Fenrir Greyback
32.8%
mentionings Character % Correct
Fat Lady
32.8%
Marietta Edgecombe
32.8%
Alicia Spinnett
31.3%
Marcus Flint
31.3%
Dedalus Diggle
31.3%
Albert Runcorn
31.3%
Milicent Bulstrode
31.3%
Magorian
29.9%
Hestia Jones
29.9%
Terry Boot
29.9%
Professor Grubbly-Plank
28.4%
Ernie Prang
28.4%
Antonin Dolohov
28.4%
Rodger Davies
28.4%
Michael Corner
28.4%
Romilda Vane
28.4%
Mafalda hopkirk
28.4%
elphias Doge
26.9%
walden Macnair
26.9%
Scabbers
26.9%
Cormac McLaggen
25.4%
Gregorovitch
25.4%
Bertha Jorkins
25.4%
Madame Malkin
25.4%
Travers
23.9%
Augustus Rookwood
23.9%
Piers Polkiss
23.9%
Nicholas Flamel
22.4%
Mrs. Cole
22.4%
Scabior
22.4%
Avery
22.4%
Bob ogden
20.9%
Justin FInch-Fletchley
20.9%
Sir Cadogan
20.9%
Leanne
20.9%
Aiden lynch
20.9%
Bogrod
20.9%
Mr. borgin
19.4%
Warrington
19.4%
Moran
19.4%
Wilkie Twycross
19.4%
Montague
17.9%
Broderick Bode
17.9%
Mr. Roberts
17.9%
Demelza Robins
17.9%
Troy
17.9%
Sturgis Podmore
16.4%
Armando Dippet
16.4%
Dawlish
16.4%
Beedle the Bard
16.4%
Marcus Belby
16.4%
Adrian Pucey
16.4%
Caractacus Burke
16.4%
Hassan Mostafa
14.9%
Karkus
14.9%
Professor Tofty
14.9%
Griselda Marchbanks
13.4%
Lily Evans
9%
Tom Riddle Sr.
9%
Aunt Marge
9%
Aunt Muriel
4.5%
Barty Crouch Jr.
4.5%
Phineas Nigellus
3%
Gellert Grindewald
1.5%
Bloody Baren
0%
Dirk Crestwell
0%

You're not logged in!

Compare scores with friends on all Sporcle quizzes.
OR
Log In

Show Comments

Extras

Created Feb 17, 2012ReportNominate
Tags:Harry Potter Quiz, 200, character

Top Quizzes Today


Score Distribution

Your Account Isn't Verified!

In order to create a playlist on Sporcle, you need to verify the email address you used during registration. Go to your Sporcle Settings to finish the process.

Report this User

Report this user for behavior that violates our Community Guidelines.

Details: